| 000 | 04176nam a22004337a 4500 | ||
|---|---|---|---|
| 005 | 20111214143524.0 | ||
| 010 | _aB-468808-825 | ||
| 020 |
_a9788179932384 _c75.00 |
||
| 035 | _aB-468808-825 | ||
| 037 | _aBlue Berry/Ven | ||
| 082 | _a597.89 | ||
| 100 |
_aConolly, Cathryn _950557 |
||
| 245 |
_aLife cycle of a frog : _cby Cathryn Conolly; edited by Anupama Jauhry _bgrow with me / |
||
| 260 |
_aNew Delhi _bTeri Press _c2011 |
||
| 270 |
_aDarbari Seth Block, IHC Complex, Lodhi Road _bNew Delhi _e110003 |
||
| 300 |
_a16p. _bcol.ill _c23cm(pbk) |
||
| 490 |
_aCircle of life; edited by Arshi Ahmad _950558 |
||
| 700 |
_a Jauhry, Anupama _936910 |
||
| 942 |
_2ddc _cCH _mCON _h75.00 |
||
| 999 |
_c59449 _d59449 |
||